| 000 | 00906nam a2200241 u 4500 | ||
|---|---|---|---|
| 005 | 20250227063819.0 | ||
| 008 | 160831s2012 ag r 000 0 spa d | ||
| 020 | _a9789508924179 | ||
| 035 | _aUPN01000212732 | ||
| 049 | _aCG | ||
| 050 | 4 |
_aHV1568 _bP3.7 |
|
| 100 | 1 |
_aPantano, Liliana _939676 |
|
| 245 | 1 | 1 |
_a¿Qué necesitan las familias de personas con discapacidad? : _binvestigación, reflexiones y propuestas / _cLiliana Pantano, Blanca Nuñez, Alicia Arenaza. |
| 260 |
_aBuenos Aires : _bLugar Editorial, _c2012. |
||
| 300 |
_a206 p. : _bcuadros |
||
| 650 | 0 |
_aPersonas con discapacidad _xCondiciones sociales _96562 |
|
| 650 | 4 |
_aPersonas con discapacidad _xRelaciones familiares _912912 |
|
| 650 | 4 |
_aSERVICIOS PARA PERSONAS CON DISCAPACIDAD _922709 |
|
| 700 | 1 |
_aNúñez, Blanca Aída, _d1968- _ecoaut. _939677 |
|
| 700 | 1 |
_aArenaza, Alicia, _ecoaut. |
|
| 905 | _aLibro | ||
| 999 |
_c184832 _d184832 |
||